000 00680nam a2200265Ia 4500
001 11292
005 20240113235305.0
007 ta
008 050810s1977 a g b000 u ben u
040 _aCotton College,Assam
041 _aben
082 _a891.44
_bSe 55 C
100 _aSen, Prabodh Ch..
245 0 _aChanda Parikrama /
_cPrabodh Ch. Sen.
_hTextual Documents
250 _a1st ed. /
260 _aCalcutta :
_bJigyasa ,
_c1977.
300 _a254p. :
_bill. ;
_c22cm .
653 _aBengali Literature-Criticism
653 _aG-Bengali
653 _aMS-Bengali
942 _2ddc
_cBK
999 _c11279
_d11279